| 000 -LEADER |
| fixed length control field |
00798nam a2200241Ia 4500 |
| 001 - CONTROL NUMBER |
| control field |
806 |
| 003 - CONTROL NUMBER IDENTIFIER |
| control field |
GE_BSU |
| 005 - DATE AND TIME OF LATEST TRANSACTION |
| control field |
20200226123121.0 |
| 008 - FIXED-LENGTH DATA ELEMENTS--GENERAL INFORMATION |
| fixed length control field |
181216s2004ru xx |||||||||||||| ||rus|| |
| 020 ## - INTERNATIONAL STANDARD BOOK NUMBER |
| International Standard Book Number |
9785354006601 |
| 040 ## - CATALOGING SOURCE |
| Transcribing agency |
GE_BSU |
| 041 ## - LANGUAGE CODE |
| Language code of text/sound track or separate title |
rus |
| 080 ## - UNIVERSAL DECIMAL CLASSIFICATION NUMBER |
| Universal Decimal Classification number |
81(075.8) А-50 |
| 100 ## - MAIN ENTRY--PERSONAL NAME |
| Personal name |
Алимов,В.В. |
| 9 (RLIN) |
7491 |
| 245 ## - TITLE STATEMENT |
| Title |
Теория перевода : |
| Remainder of title |
Перевод в сфере профессиональной коммуникации / |
| Statement of responsibility, etc. |
В.В. Алимов. |
| 250 ## - EDITION STATEMENT |
| Edition statement |
2-е испр. |
| 264 ## - PRODUCTION, PUBLICATION, DISTRIBUTION, MANUFACTURE, AND COPYRIGHT NOTICE |
| Place of production, publication, distribution, manufacture |
Москва : |
| Name of producer, publisher, distributor, manufacturer |
Едиториал УРСС, |
| Date of production, publication, distribution, manufacture, or copyright notice |
2004. |
| 300 ## - PHYSICAL DESCRIPTION |
| Extent |
158 стр.: |
| Dimensions |
22 см. |
| 500 ## - GENERAL NOTE |
| General note |
Библиогр. стр.153-158. |
| 653 ## - INDEX TERM--UNCONTROLLED |
| keyword |
Теория перевода. |
| 653 ## - INDEX TERM--UNCONTROLLED |
| keyword |
თარგმნის თეორია |
| 942 ## - ADDED ENTRY ELEMENTS (KOHA) |
| Koha item type |
წიგნი |
| Source of classification or shelving scheme |
|